El último ritual /

Guardado en:
Detalles Bibliográficos
Autor principal: Sigurdardóttir, Yrsa (autor)
Otros autores: Bernárdez, Enrique (traducción) (traducción)
Formato: Libro
Idioma:Español
Publicado: Madrid, España : Punto de Lectura, 2007, c2007
Colección:(Narrativa Punto de Lectura ; 184/1)
Temas:
Etiquetas: Agrega una etiqueta
Sin etiquetas, Sé el primero en etiquetar este registro!

MARC

LEADER 00000nam^a2200000^a^4500
001 000616892
005 20250630000000.0
009 20260310133729.921
020 |a 978-84-663-6937-4 
037 |a Acervo ITESO - Biblioteca 
041 |a ESP 
082 |a 839. 69  |b SIG 
100 |a Sigurdardóttir, Yrsa  |e (autor) 
245 1 3 |a El último ritual /  |c Y. Sigurdardóttir ; tr. de e. Bernárdez. 
264 4 |a Madrid, España :  |b Punto de Lectura,  |c 2007, c2007 
300 |a 488 p. 
336 |a texto  |b txt  |2 rdacontenido 
337 |a sin mediación  |b n  |2 rdamedio 
338 |a volumen  |b nc  |2 rdasoporte 
440 1 |a (Narrativa Punto de Lectura ;  |v 184/1) 
500 |a Traducción de: Þriðja táknið 
649 |a XX 
650 |a Jóvenes en la Literatura 
650 |a Abogados en la Literatura 
650 |a Mujeres en la Literatura 
650 |a Novela Islandesa 
650 |a Novela Inglesa 
650 |a Literatura Islandesa -  |y Siglo XXI 
650 |a Literatura Policíaca y de Misterio -  |z Islandia 
650 |a Literatura de Mujeres -  |z Islandia 
650 |a Ritos en la Literatura 
650 |a Brujería en la Literatura 
650 |a Asesinato en la Literatura 
650 |a Investigación del Delito en la Literatura 
650 |a Islandia en la Literatura 
700 |a Bernárdez, Enrique  |e (traducción) 
910 |a Fondo Castillo-Martínez 
920 |a Impresos - Libros 
930 |a Fondos Especiales 
940 |a Literatura 
905 |a 127 
901 |a 616892-10  |b IT2  |c ESP  |i D129320  |u 20250630 
902 |a https://opac.biblio.iteso.mx/vufind/Record/000616892